[Event "ch-SCO"]
[Site "Edinburgh SCO"]
[Date "2003.04.08"]
[Round "4"]
[White "Grant,J"]
[Black "Brown,Ste"]
[Result "1-0"]
[WhiteElo "2253"]
[BlackElo "2174"]

1.c4 e6 2.Nf3 d5 3.b3 Nf6 4.g3 c5 5.e3 Be7 6.Bg2 Nc6 7.O-O O-O 8.Bb2 a6 9.Qe2 b6
10.Rd1 Bb7 11.d4 cxd4 12.exd4 Rc8 13.Nbd2 Rc7 14.Rac1 Qa8 15.h4 Rd8 16.Bh3 a5
17.Ng5 Bf8 18.Ndf3 Re8 19.Ne5 Nxe5 20.dxe5 Ne4 21.cxd5 Rxc1 22.Rxc1 Nxg5
23.hxg5 Bxd5 24.Bd4 a4 25.Bxb6 axb3 26.axb3 Qb7 27.Qe3 Rb8 28.Bc7 Ra8 29.Bd6 Qxb3
30.Qxb3 Bxb3 31.Bg2 Rd8 32.Rb1 Bxd6 33.exd6 Bd5 34.Rb6 Bxg2 35.Kxg2 f6 36.gxf6 gxf6
37.Kf3 Kf7 38.Ke4 Rd7 39.Kd4 Ra7 40.Kc5 Ra2 41.Rb7+ Ke8 42.Rxh7 Rc2+ 43.Kb6 Rxf2
44.d7+ Kd8 45.Kc6 Rc2+ 46.Kd6 Rd2+ 47.Kxe6 Re2+ 48.Kxf6 Rf2+ 49.Ke6 Re2+
50.Kf5 Rf2+ 51.Kg5 Rf1 52.g4 Rf2 53.Kg6 Rf4 54.g5 Rf1 55.Rf7 Rg1 56.Kh6 Rh1+
57.Kg7  1-0

[Event "ch-SCO"]
[Site "Edinburgh SCO"]
[Date "2003.04.09"]
[Round "5"]
[White "McNab,C"]
[Black "Grant,J"]
[Result "1/2-1/2"]
[WhiteElo "2412"]
[BlackElo "2253"]

1.c4 e6 2.Nf3 d5 3.b3 c5 4.e3 Nc6 5.Bb2 d4 6.exd4 cxd4 7.g3 e5 8.Bg2 Bd6
9.O-O Nge7 10.d3 Bg4 11.h3 Bh5 12.a3 a5 13.Nbd2 f5 14.Qc2 O-O 15.Rae1 b6
16.Ng5 Qd7 17.f4 h6 18.fxe5 Bxe5 19.Rxe5 Nxe5 20.Bxa8 hxg5 21.Bg2 f4 22.g4 Bg6
23.Nf3 N7c6 24.Rd1 Nxf3+ 25.Bxf3 Re8 26.Qg2 Ne5 27.Bd5+ Bf7 28.Kf2 f3 29.Bxf3 Nxf3
30.Qxf3 Bxc4 31.dxc4 Rf8 32.Qxf8+ Kxf8 33.Rxd4 Qf7+ 34.Ke2 Qe6+ 35.Kd2 Kf7
36.Rd5 g6 37.Bd4 Qe4  1/2-1/2

[Event "ch-Kaissa Club"]
[Site "Kharkov UKR"]
[Date "2003.04.12"]
[Round "5"]
[White "Sukharev,S"]
[Black "Tarlev,K"]
[Result "1-0"]
[WhiteElo "2213"]
[BlackElo "2358"]

1.c4 e6 2.Nf3 d5 3.d4 Nf6 4.Nc3 Be7 5.Bg5 h6 6.Bxf6 Bxf6 7.e3 O-O 8.Rc1 c6
9.Bd3 Nd7 10.O-O dxc4 11.Bxc4 e5 12.h3 exd4 13.exd4 Nb6 14.Bb3 Bf5 15.Re1 Qd6
16.Ne4 Bxe4 17.Rxe4 Rae8 18.Qe2 Re7 19.Rxe7 Qxe7 20.Qd2 Re8 21.Re1 Qd8 22.Rxe8+ Qxe8
23.Qf4 Qd8 24.Qe4 Nd5 25.Ne5 Bxe5 26.dxe5 Ne7 27.Qb4 b6 28.Qd6 Qe8 29.Qc7 Ng6
30.Qxa7 b5 31.e6 fxe6 32.a4 bxa4 33.Qxa4 Kf7 34.Qe4 Qd7 35.Qf5+  1-0

[Event "FSGM April"]
[Site "Budapest HUN"]
[Date "2003.04.17"]
[Round "13"]
[White "McDonald,N"]
[Black "Aagaard,J"]
[Result "1/2-1/2"]
[WhiteElo "2392"]
[BlackElo "2343"]

1.c4 e6 2.Nf3 d5 3.b3 Nf6 4.g3 c5 5.Bg2 Nc6 6.O-O Be7 7.e3 O-O 8.Bb2 b6 9.Nc3 Bb7
10.cxd5 Nxd5 11.Nxd5 Qxd5 12.d4 Rad8 13.Ne5 Qd6 14.Nxc6 Bxc6 15.Qg4 cxd4
16.Bxc6 Qxc6 17.Bxd4 f6 18.Rac1 Qd7 19.Qe2 e5 20.Bb2 Qd2 21.Qc4+ Rf7 22.Rc2 Qd3
23.Qxd3 Rxd3 24.Rc8+ Bd8 25.Rfc1 Rfd7 26.Kf1 Kf7 27.R1c2 Rd2 28.Rxd2 Rxd2
29.Bc3 Rd7 30.Ke2 b5 31.Rb8 Bb6 32.Bb4 Ke6 33.Re8+ Kd5 34.Rh8 g6 35.g4 a5
36.Bd2 Bd8 37.Re8 a4 38.Bb4 axb3 39.axb3 f5 40.gxf5 gxf5 41.Bc3 Bc7 42.h4 Bd6
43.h5 Ra7 44.Rd8 Ke6 45.Re8+ Kd5 46.Rd8 Ke6 47.Re8+ Kd5  1/2-1/2

[Event "7th Neckar Open"]
[Site "Deizisau GER"]
[Date "2003.04.20"]
[Round "6"]
[White "Solonar,S"]
[Black "Kulaots,K"]
[Result "0-1"]
[WhiteElo "2398"]
[BlackElo "2514"]

1.c4 e6 2.Nf3 d5 3.d4 Nf6 4.Nc3 dxc4 5.e3 a6 6.Bxc4 b5 7.Bb3 Bb7 8.O-O c5
9.Qe2 Nbd7 10.Rd1 Qb8 11.e4 cxd4 12.Nxd4 Bd6 13.e5 Bxe5 14.h3 O-O 15.a3 Qc7
16.Bg5 h6 17.Be3 Rad8 18.Rac1 Qb8 19.Ba2 Rfe8 20.Rd2 Rc8 21.Rcd1 Nc5 22.Rc2 Bh2+
23.Kh1 Bf4 24.Qd2 Bxe3 25.Qxe3 Nce4 26.Nxe4 Bxe4 27.Rxc8 Qxc8 28.Rc1 Qb7
29.f3 Bd5 30.Bb1 Rc8 31.Re1 Qc7 32.Ne2 Bb7 33.Rc1 Qd6 34.Nc3 Qc5 35.Qd3 Qe5
36.Rd1 g5 37.Qd2 Kg7 38.Ne2 Rc7 39.f4 gxf4 40.Nxf4 Rd7 41.Bd3 Qg5 42.Kh2 e5  0-1

[Event "XXI Open"]
[Site "Metz FRA"]
[Date "2003.04.20"]
[Round "2"]
[White "Veron,C"]
[Black "Jonkman,H"]
[Result "0-1"]
[WhiteElo "2106"]
[BlackElo "2431"]

1.c4 e6 2.Nf3 d5 3.b3 Be7 4.Bb2 Bf6 5.Qc2 Nc6 6.a3 dxc4 7.bxc4 Bxb2 8.Qxb2 Nf6
9.e3 O-O 10.Be2 Na5 11.d4 c5 12.O-O b6 13.Nbd2 Qe7 14.Rac1 Ba6 15.Rfe1 Rac8
16.Nb3 Nc6 17.Bf1 Rfd8 18.Red1 h6 19.Be2 Nb8 20.Ne5 cxd4 21.exd4 Nfd7 22.Nf3 Rc7
23.Rc2 Rdc8 24.Rdc1 Bb7 25.Nbd2 Nc6 26.Bd3 Na5 27.Qb4 Qd8 28.Be4 Nc6 29.Qb2 Nf6
30.Bxc6 Bxc6 31.Ne5 Ba4 32.Nb3 Bxb3 33.Qxb3 Qxd4 34.Nf3 Qf4 35.h3 Nd7 36.Qd3 Nc5
37.Qc3 Rd8 38.Rd2 Rxd2 39.Qxd2 Qxd2 40.Nxd2 Rd7 41.Nb1 Nb3 42.Re1 Rd4 43.Kh2 Rxc4
44.Rd1 Rd4 45.Rxd4 Nxd4 46.Kg3 e5 47.Nc3 f5 48.f3 Kf7 49.Kf2 Ke6 50.h4 b5
51.h5 a5 52.g4 f4 53.Kg2 b4 54.axb4 axb4  0-1

[Event "XXI Open"]
[Site "Metz FRA"]
[Date "2003.04.24"]
[Round "6"]
[White "Philippe,C"]
[Black "Ginsburg,G"]
[Result "0-1"]
[WhiteElo "2318"]
[BlackElo "2474"]

1.c4 e6 2.Nf3 d5 3.g3 Nf6 4.Bg2 c5 5.cxd5 exd5 6.d4 Nc6 7.O-O Be7 8.Nc3 O-O
9.dxc5 d4 10.Na4 Bf5 11.Bf4 Ne4 12.Rc1 g5 13.Nd2 Nxf2 14.Rxf2 gxf4 15.Rxf4 Bg6
16.Nf3 Bf6 17.Qb3 Qe7 18.Rf1 Rad8 19.Nh4 Bxh4 20.Rxh4 Rd7 21.Bh3 Rc7 22.Qf3 Re8
23.Rf2 Ne5 24.Qf6 d3 25.Qxe7 Rexe7 26.exd3 Nxd3 27.Rf1 Re2 28.b4 Rc2 29.a3 Re7
30.Bg2 Ne1 31.Bxb7 Bd3 32.Rff4 Nf3+  0-1

[Event "I Regina Prol"]
[Site "Santos BRA"]
[Date "2003.04.26"]
[Round "6"]
[White "Sega,C"]
[Black "Frare,F"]
[Result "1/2-1/2"]
[WhiteElo "2315"]
[BlackElo "2225"]

1.c4 e6 2.Nf3 d5 3.d4 Nf6 4.g3 Nbd7 5.Qc2 Be7 6.Bg2 O-O 7.O-O c5 8.cxd5 Nxd5
9.Rd1 Qb6 10.Nc3 Nb4 11.Qb1 cxd4 12.Nxd4 Nf6 13.a3 Nbd5 14.Nxd5 Nxd5 15.e4 Bc5
16.Qd3 e5 17.exd5 Bxd4 18.Be3 Bxe3 19.fxe3 Qd6 20.Rdc1 Bd7 21.Qb3 Rab8 22.Qb4 Qxb4
23.axb4 a6 24.Rc7 Rfd8 25.d6 Bc6 26.Bxc6 bxc6 27.Rxc6 Rxb4 28.Raxa6 Rxb2
29.Ra7 h5 30.Re7 Rd2 31.Rxe5 g6  1/2-1/2

[Event "Riviera IM"]
[Site "Opatija CRO"]
[Date "2003.05.03"]
[Round "3"]
[White "Brulic,D"]
[Black "Glavas,D"]
[Result "1-0"]
[WhiteElo "2141"]
[BlackElo "2221"]

1.c4 e6 2.Nf3 d5 3.d4 c6 4.e3 f5 5.Bd3 Nf6 6.Nc3 Bd6 7.Qc2 a6 8.Bd2 Ne4 9.O-O Nd7
10.Be1 Qf6 11.Nd2 Qh6 12.f4 g5 13.cxd5 exd5 14.Bxe4 fxe4 15.Bg3 gxf4 16.Bxf4 Bxf4
17.Rxf4 Rf8 18.Raf1 Rxf4 19.Rxf4 Nf6 20.Nf1 Ng4 21.Qe2 Qg5 22.h3 Nf6 23.Qf2 Ke7
24.Ng3 Qg6 25.Na4 Be6 26.Nf5+ Bxf5 27.Rxf5 Nd7 28.Qh4+ Nf6 29.Rg5 Qf7 30.Qg3 Rg8
31.Qc7+ Kf8 32.Qc8+ Qe8 33.Rxg8+ Nxg8 34.Qxb7 Ne7 35.Qxa6 Qg6 36.Qf1+ Kg8
37.Qf4 h5 38.g4 Qg7 39.Nc5 Ng6 40.Qg5 hxg4 41.Ne6 Qf7 42.Nf4 Kh7 43.Qxg6+ Qxg6
44.Nxg6 Kxg6 45.b4 gxh3 46.Kh2  1-0

[Event "Riviera IM"]
[Site "Opatija CRO"]
[Date "2003.05.04"]
[Round "4"]
[White "Jurkovic,H"]
[Black "Pandurevic,M"]
[Result "1-0"]
[WhiteElo "2401"]
[BlackElo "2280"]

1.c4 e6 2.Nf3 d5 3.e3 Nf6 4.b3 Be7 5.Bb2 O-O 6.Be2 dxc4 7.bxc4 c5 8.O-O Nc6
9.d4 b6 10.Nc3 Ba6 11.Qa4 Na5 12.Rfd1 cxd4 13.Rxd4 Qe8 14.Nb5 Bb7 15.c5 Bxc5
16.Rh4 Qe7 17.Bd3 h6 18.Qf4 Nh7 19.Bxg7 Ng5 20.Bf6  1-0

[Event "National I"]
[Site "Clermont-Ferrand FRA"]
[Date "2003.05.08"]
[Round "8"]
[White "Koch,JR"]
[Black "Fressinet,L"]
[Result "0-1"]
[WhiteElo "2479"]
[BlackElo "2595"]

1.c4 e6 2.Nf3 d5 3.e3 Nf6 4.b3 Be7 5.d4 O-O 6.Bd3 c5 7.O-O Nc6 8.Bb2 b6 9.Nbd2 Bb7
10.Rc1 Rc8 11.Qe2 cxd4 12.exd4 Re8 13.a3 Bf8 14.h3 g6 15.Qe3 Bg7 16.Ne5 dxc4
17.Nxc6 Rxc6 18.bxc4 Rd6 19.Nb3 Qa8 20.f3 Red8 21.Rfd1 Bc6 22.Be2 Ba4 23.Rd2 Nh5
24.c5 R6d7 25.Bc4 Ng3 26.c6 Nf5 27.Qe2 Bxc6 28.Bxe6 Re7 29.d5 Bxd5 30.Rxd5 Qxd5
31.Bxd5 Rxe2 32.Bxg7 Kxg7 33.Be4 Ne3  0-1

[Event "FSIMA May"]
[Site "Budapest HUN"]
[Date "2003.05.13"]
[Round "11"]
[White "Vigorito,D"]
[Black "Dubois,L"]
[Result "1-0"]
[WhiteElo "2298"]
[BlackElo "2264"]

1.c4 e6 2.Nf3 d5 3.d4 c6 4.Qc2 Nf6 5.Bg5 Nbd7 6.e3 Qa5+ 7.Nbd2 Ne4 8.Bf4 Bb4
9.a3 g5 10.Bg3 g4 11.Rc1 Be7 12.Ne5 Nxg3 13.hxg3 Nxe5 14.dxe5 dxc4 15.Rxh7 Rxh7
16.Qxh7 b5 17.Be2 Bb7 18.Rc3 Qc7 19.Bxg4 Qxe5 20.f4 Qd5 21.Bf3 Qf5 22.Qh8+ Kd7
23.Qd4+ Kc7 24.e4 Bc5 25.Qg7 Qg6 26.Qxg6 fxg6 27.e5 Bd4 28.Rc2 a5 29.Ne4 Rh8
30.Ng5 Bc8 31.Kd2 c5 32.a4 bxa4 33.Rxc4 Kb6 34.Rc2 Rh1 35.Bg4 Rg1 36.Bh3 Kb5
37.Nf3 Rb1  1-0

[Event "28th Elekes Mem IM"]
[Site "Budapest HUN"]
[Date "2003.05.17"]
[Round "1"]
[White "Vigorito,D"]
[Black "Lund,E"]
[Result "1-0"]
[WhiteElo "2298"]
[BlackElo "2269"]

1.Nf3 e6 2.c4 d5 3.d4 c6 4.Qc2 Bd6 5.Bg5 Ne7 6.e3 h6 7.Bh4 Qa5+ 8.Nc3 Nf5
9.Bg3 Nxg3 10.hxg3 Nd7 11.O-O-O Nf6 12.Kb1 O-O 13.Rh4 Be7 14.Ne5 Nd7 15.Rh5 Nxe5
16.dxe5 b5 17.cxd5 exd5 18.Be2 Rd8 19.Rdh1 Bf8 20.Bd3 b4 21.Ne2 c5 22.Nf4 Qb6
23.Rg5 c4 24.Bh7+ Kh8 25.e6 b3 26.axb3 cxb3 27.Qd3 Ba6 28.Qf5 Qa5 29.exf7 Qa2+
30.Kc1 Rac8+ 31.Kd1 Rd6 32.Qb1 Be7 33.Re5 Bf8 34.Ng6+ Rxg6 35.Bxg6 Qa4 36.Re8 Qg4+
37.f3 Qxg3 38.Rxc8 Bxc8 39.Qd3 Qxg2 40.Rxh6+ gxh6 41.Qd4+ Bg7 42.f8=R+  1-0

[Event "28th Elekes Mem IM"]
[Site "Budapest HUN"]
[Date "2003.05.24"]
[Round "8"]
[White "McDonald,N"]
[Black "Lund,E"]
[Result "1-0"]
[WhiteElo "2392"]
[BlackElo "2269"]

1.c4 e6 2.Nf3 d5 3.b3 c5 4.g3 Nc6 5.Bg2 Nf6 6.O-O Be7 7.e3 O-O 8.Bb2 Qa5
9.cxd5 Nxd5 10.Na3 Rd8 11.Rc1 Bd7 12.Nc4 Qa6 13.a4 Be8 14.Ne1 Na5 15.Nd3 Rac8
16.Nxa5 Qxa5 17.Ne5 Qa6 18.Re1 b6 19.Qg4 Nf6 20.Qf3 Nd5 21.Qg4 Nf6 22.Qe2 Qxe2
23.Rxe2 Nd5 24.f4 Nb4 25.Bh3 Nd3 26.Nxd3 Rxd3 27.Bc3 c4 28.b4 Bf6 29.Bxf6 gxf6
30.Ra1 Bc6 31.Bf1 Rb3 32.b5 Be4 33.Rf2 c3 34.dxc3 Rcxc3 35.a5 Ra3 36.Rxa3 Rxa3
37.axb6 axb6 38.Rd2 Ra7 39.g4 Bd5 40.Rd4 Bf3 41.Rd6 Rb7 42.Bg2 Bxg2 43.Kxg2 Kf8
44.Kf3 Ke7 45.Rc6 Kd7 46.h4 Ke7 47.h5 Kd7 48.Ke4 Rb8 49.Kf3 Rb7 50.h6 Rb8
51.Ke4 Rg8 52.Rxb6 Rg6 53.Rb7+ Kd6 54.Rxf7 Rxh6 55.b6 Rh1 56.b7 Rb1 57.Rxh7 Rb4+
58.Kf3 e5 59.g5 exf4 60.g6 Ke6 61.g7 Kf7 62.Rh8 Kxg7 63.b8=Q Rb3 64.Qg8+  1-0

[Event "CRO-Cup"]
[Site "Rabac CRO"]
[Date "2003.05.28"]
[Round "3"]
[White "Rukavina,J"]
[Black "Kovacevic,Vlat"]
[Result "1/2-1/2"]
[WhiteElo "2385"]
[BlackElo "2498"]

1.c4 e6 2.Nf3 d5 3.b3 a5 4.e3 Nf6 5.Bb2 Nbd7 6.Nc3 Nc5 7.Qc2 c6 8.d4 Nce4
9.Bd3 Nxc3 10.Bxc3 Be7 11.O-O O-O 12.Ne5 h6 13.a3 Nd7 14.Nf3 b6 15.b4 Qc7
16.cxd5 cxd5 17.Rfc1 axb4 18.axb4 Rxa1 19.Rxa1 Bb7 20.Bd2 Qxc2 21.Bxc2 Rc8
22.Bd3 Bd6 23.Ra7 Rc7 24.Kf1 f6 25.Ke2 Kf7 26.h3 e5 27.Ne1 e4 28.Ba6 Bc6
29.Rxc7 Bxc7 30.Kd1 Nb8 31.Be2 Ba4+ 32.Kc1 Nc6 33.Ba6 Na7 34.Nc2 Bb5 35.Bxb5 Nxb5
36.Kb2 f5 37.Na3 Nxa3 38.Kxa3 b5 39.Kb2 g5 40.Kc2 f4 41.Kd1 Kg6 42.Ke2 Bd6
43.Be1 h5 44.g4  1/2-1/2

[Event "CRO-Cup"]
[Site "Rabac CRO"]
[Date "2003.05.29"]
[Round "4"]
[White "Bistric,F"]
[Black "Varga,Zo"]
[Result "1/2-1/2"]
[WhiteElo "2509"]
[BlackElo "2533"]

1.c4 e6 2.Nf3 d5 3.b3 c5 4.g3 Nc6 5.e3 dxc4 6.bxc4 Be7 7.Bb2 Bf6 8.Nc3 b6
9.Be2 Bb7 10.O-O Rc8 11.Qa4 Nh6 12.d4 O-O 13.Ne4 Be7 14.Rfd1 Nxd4 15.Bxd4 cxd4
16.Rxd4 Qe8 17.Qxa7 Bxe4 18.Rxe4 Qc6 19.Bd3 Rc7 20.Qa6 Ra8 21.Qb5 Qxb5 22.cxb5 Bf6
23.Rd1 Rxa2 24.Rc4 Rxc4 25.Bxc4 Rc2 26.Bd3 Rb2 27.Rc1 g5 28.h3 g4 29.hxg4 Nxg4
30.Rc2 Rxc2 31.Bxc2  1/2-1/2

[Event "TCh-NOR"]
[Site "Asker NOR"]
[Date "2003.06.01"]
[Round "5"]
[White "Ostenstad,B"]
[Black "Johannessen,LE"]
[Result "1/2-1/2"]
[WhiteElo "2446"]
[BlackElo "2527"]

1.c4 e6 2.Nf3 d5 3.d4 c6 4.Qc2 Nf6 5.Bg5 Be7 6.e3 O-O 7.Nc3 Nbd7 8.Rd1 b6
9.Bd3 Bb7 10.cxd5 cxd5 11.O-O Rc8 12.Qb1 a6 13.a4 h6 14.Bh4 Qc7 15.Qc2 Bd6
16.Qe2 Ra8 17.Rc1 Qb8 18.Rc2 Rc8 19.Rfc1 Qa7 20.Bg3 Bxg3 21.hxg3 Qb8 22.Na2 Rxc2
23.Qxc2 Ne8 24.Qb3 Qd6 25.a5 Rc8 26.Rxc8 Bxc8 27.Qc3 Bb7 28.b4 Nc7 29.Nd2 Qc6
30.Nb3 Kf8 31.Qb2 Nb5 32.axb6 Qxb6 33.Nc5 Bc6 34.Nc3 Nxc3 35.Qxc3 Bb5 36.Bc2 Nb8
37.Nb3 Nc6 38.Na5 Nxa5 39.bxa5 Qd6 40.f4 Ke7 41.Kf2  1/2-1/2

[Event "IEWCC"]
[Site "Istanbul TUR"]
[Date "2003.06.04"]
[Round "3"]
[White "Bojkovic,N"]
[Black "Skripchenko,A"]
[Result "0-1"]
[WhiteElo "2416"]
[BlackElo "2501"]

1.c4 e6 2.Nf3 d5 3.e3 Nf6 4.d4 dxc4 5.Bxc4 a6 6.O-O c5 7.Qe2 b5 8.Bd3 cxd4
9.Rd1 Bb7 10.a4 bxa4 11.Nxd4 Bd6 12.Rxa4 O-O 13.Nc3 Qb6 14.e4 Nbd7 15.Be3 Qc7
16.h3 Bh2+ 17.Kf1 Bf4 18.Nf3 Bxe3 19.Qxe3 Qc5 20.Qxc5 Nxc5 21.Rd4 a5 22.Bb1 Rab8
23.Ke1 Rfc8 24.Ne5 g6 25.f3 Ba6 26.R4d2 Kg7 27.Ba2 Rb4 28.Kf2 Rc7 29.Ke3 g5
30.g3 h6 31.g4 Nh7 32.Nb1 Kf6 33.Nd7+ Nxd7 34.Rxd7 Rxd7 35.Rxd7 Rxb2 36.Ra7 Rxa2
37.Rxa6 Nf8 38.Nc3 Ra1 39.Kd4 Ng6 40.Nd5+ Kg7 41.Nc7 Ra3 42.Ra7 Nf4 43.Ne8+ Kg6
44.e5 Nd5 45.Nd6 Rxf3 46.Rxa5 Rxh3 47.Ra7 Rf3 48.Kc5 Rf4 49.Kc6 Ne3 50.Ne8 Nxg4
51.Kd6 h5  0-1

[Event "4th IECC"]
[Site "Istanbul TUR"]
[Date "2003.06.06"]
[Round "7"]
[White "Roiz,M"]
[Black "Galkin,A"]
[Result "0-1"]
[WhiteElo "2529"]
[BlackElo "2591"]

1.c4 e6 2.Nf3 d5 3.d4 c6 4.Qc2 Nf6 5.Nbd2 dxc4 6.Nxc4 c5 7.dxc5 Bxc5 8.a3 b5
9.Nce5 Be7 10.e4 O-O 11.Bd3 Bb7 12.O-O a6 13.Be3 Nbd7 14.Nc6 Bxc6 15.Qxc6 Ng4
16.Bd4 Bc5 17.Bxc5 Nxc5 18.Qxc5 Qxd3 19.e5 Rfc8 20.Qe7 Qe2 21.Qg5 Nh6 22.b4 Nf5
23.Rfe1 Qb2 24.Reb1 Qc2 25.Rc1 Qb3 26.Rcb1 Qa4 27.Qd2 Rd8 28.Qf4 Ra7 29.h4 Rad7
30.Rc1 h6 31.Rc3 Rd1+ 32.Rxd1 Qxd1+ 33.Kh2 Qf1 34.Nd2 Qe1 35.Ne4 Rd4 36.f3 Rd1
37.Kh3 Qh1+ 38.Kg4 Qxh4+  0-1

[Event "White Nights"]
[Site "St Petersburg RUS"]
[Date "2003.07.01"]
[Round "3"]
[White "Yandarbiev,R"]
[Black "Bedny,Y"]
[Result "1-0"]
[WhiteElo "2391"]
[BlackElo "2327"]

1.c4 e6 2.Nf3 d5 3.g3 Nf6 4.Bg2 dxc4 5.Qa4+ Nbd7 6.O-O c5 7.Qxc4 b6 8.Rd1 Bb7
9.d4 Rc8 10.Qb3 Be7 11.Nc3 O-O 12.dxc5 Bxc5 13.Bg5 Qe7 14.Nd4 Bxg2 15.Kxg2 h6
16.Bxf6 Nxf6 17.Na4 e5 18.Nf5 Qb7+ 19.f3 g6 20.Nxc5 Rxc5 21.Rd6 gxf5 22.Rxf6 Kg7
23.Rxf5 Qd7 24.g4 Qd2 25.Kf2 Qd4+ 26.Kf1 Rd5 27.Rc1 Rfd8 28.Rc7 R8d7 29.Qc3 f6
30.Qxd4 Rxd4 31.Rxd7+ Rxd7 32.f4 e4 33.Kf2 a6 34.Ke3 Rd1 35.a4 Rh1 36.a5 Rxh2
37.axb6 Rh3+ 38.Kxe4 Rb3 39.Rc5 Rxb6 40.Kf5 Rxb2 41.Rc7+ Kg8 42.Kg6  1-0

[Event "ch-Quebec Inv"]
[Site "Montreal CAN"]
[Date "2003.07.05"]
[Round "9"]
[White "Voskanian,V"]
[Black "Feoktistov,D"]
[Result "1/2-1/2"]
[WhiteElo "2314"]
[BlackElo "2125"]

1.c4 e6 2.Nf3 d5 3.b3 Nf6 4.Bb2 Bd6 5.g3 c6 6.Bg2 O-O 7.O-O Nbd7 8.d4 b6
9.Nbd2 Bb7 10.Rc1 Rc8 11.Re1 Re8 12.Qc2 c5 13.Qb1 Bf8 14.e3 dxc4 15.bxc4 cxd4
16.exd4 Bb4 17.Re2 Rc7 18.Ba1 Bxd2 19.Nxd2 Bxg2 20.Kxg2 Nb8 21.Nf3 Rd7 22.Rce1 Qc8
23.Rc2 Rc7 24.Rec1 Qd8 25.Qb5 h6 26.Bb2 Qd7 27.Qb3 Rec8 28.Ne5 Qd8 29.Qf3 Nc6
30.Nxc6 Rxc6 31.a4 Qc7 32.Qb3 Ne4 33.f3 Nd6 34.c5 Nf5 35.Qd3 Qd7 36.f4 Ne7  1/2-1/2

[Event "Andorra"]
[Site "Andorra la Vella AND"]
[Date "2003.07.06"]
[Round "2"]
[White "Marin,M"]
[Black "Van der Heijden,AC"]
[Result "1-0"]
[WhiteElo "2539"]
[BlackElo "2245"]

1.c4 e6 2.Nf3 d5 3.b3 Nf6 4.g3 Be7 5.Bg2 O-O 6.O-O c5 7.e3 Nc6 8.Bb2 b6 9.Nc3 Bb7
10.cxd5 exd5 11.d4 Ne4 12.dxc5 Bf6 13.Qc1 Nxc5 14.Rd1 Nb4 15.Qb1 Rc8 16.a3 Nxb3
17.axb4 Bxc3 18.Ra3 Bxb4 19.Rxb3 Bc5 20.Qa1 f6 21.Qxa7 Bc6 22.Nd4  1-0

[Event "32nd TCh-GRE"]
[Site "Kallithea Chalkidiki GRE"]
[Date "2003.07.06"]
[Round "3"]
[White "Skembris,S"]
[Black "Psomiadis,S"]
[Result "0-1"]
[WhiteElo "2443"]
[BlackElo "2245"]

1.c4 e6 2.Nf3 d5 3.d4 Nf6 4.Nc3 Nbd7 5.Bg5 c6 6.e3 Qa5 7.Nd2 dxc4 8.Bxf6 Nxf6
9.Nxc4 Qc7 10.Be2 Be7 11.O-O O-O 12.Rc1 Rd8 13.Qb3 Bd7 14.Bf3 Rac8 15.Rfd1 Be8
16.g3 Qb8 17.a4 Nd5 18.a5 Nb4 19.Ne4 b6 20.h4 c5 21.axb6 axb6 22.dxc5 bxc5
23.Rxd8 Rxd8 24.Rd1 Bc6 25.Rxd8+ Qxd8 26.Ned2 Bb5 27.Qa3 g6 28.Qa7 Qd7 29.Qb8+ Kg7
30.h5 Nd3 31.b3 f6 32.Nb6 Qd8 33.Qb7 Ne5 34.Nc8 Qxd2 35.Qxe7+ Kh6 36.Qf8+ Kg5
37.Qxc5 Qe1+ 38.Kh2 Qxf2+ 39.Bg2 Bf1  0-1

[Event "ch-BEL"]
[Site "Eupen BEL"]
[Date "2003.07.08"]
[Round "4"]
[White "Cekro,E"]
[Black "Dutreeuw,M"]
[Result "0-1"]
[WhiteElo "2441"]
[BlackElo "2316"]

1.c4 e6 2.Nf3 d5 3.b3 Nf6 4.g3 Be7 5.Bg2 O-O 6.Bb2 c5 7.O-O Nc6 8.e3 d4 9.exd4 cxd4
10.d3 e5 11.Re1 Nd7 12.Na3 f6 13.Nc2 a5 14.Qe2 Nc5 15.Rad1 Bd6 16.Nd2 Be6
17.Ne4 Nxe4 18.Bxe4 Re8 19.Qh5 g6 20.Qf3 Qe7 21.Re2 Qf7 22.Rde1 Re7 23.Bxc6 bxc6
24.Qxc6 Rd8 25.Qb6 Bc7 26.Qa6 Bc8 27.Qc6 Re6 28.Qg2 Rde8 29.Na3 Bb8 30.Nb5 Bb7
31.f3 Qd7 32.Bc1 Bc6 33.a4 Kf7 34.Bd2 Bc7 35.Qf2 Bb6 36.h3 Kg7 37.Kh2 Kf7
38.Rf1 Kg7 39.Qe1 R8e7 40.Bxa5 Bxa5 41.Qxa5 f5 42.Qd2 h6 43.Ref2 Kh7 44.Rd1 Qe8
45.Re1 Qd7 46.Rd1 g5 47.Re1 Qb7 48.Qd1 Qd7 49.Ref1 Qe8 50.Na3 h5 51.Nc2 Qb8
52.Qd2 h4 53.Qxg5 hxg3+ 54.Qxg3 Rg7  0-1

[Event "Open"]
[Site "Montpellier FRA"]
[Date "2003.07.09"]
[Round "3"]
[White "Collas,D"]
[Black "Flear,G"]
[Result "1-0"]
[WhiteElo "2437"]
[BlackElo "2527"]

1.c4 e6 2.Nf3 d5 3.d4 Nf6 4.Nc3 c6 5.Bg5 Nbd7 6.e3 Qa5 7.cxd5 Nxd5 8.Qd2 N7b6
9.Bd3 Nxc3 10.bxc3 Nd5 11.O-O Qxc3 12.Qe2 Bd6 13.Nd2 Qa5 14.Nc4 Qc7 15.Nxd6+ Qxd6
16.Bh4 Bd7 17.Bg3 Qe7 18.Qb2 b6 19.e4 Qb4 20.Qe2 Nc3 21.Qe3 O-O 22.a3 Qa5
23.Bd6 Nb5 24.Bxf8 Rxf8 25.Bxb5 Qxb5 26.Rfd1 Bc8 27.Rab1 Qa5 28.Rdc1 Bb7
29.Qg3 h6 30.Qc7 Ba8 31.Qe7 Qa6 32.Re1 Qa4 33.Qd6 Re8 34.Qd7  1-0

[Event "103rd ch-SUI"]
[Site "Silvaplana SUI"]
[Date "2003.07.13"]
[Round "4"]
[White "Korotylev,A"]
[Black "Kaenel,H"]
[Result "1-0"]
[WhiteElo "2546"]
[BlackElo "2330"]

1.c4 e6 2.Nf3 d5 3.g3 c6 4.b3 Nf6 5.Bg2 Be7 6.O-O O-O 7.Bb2 a5 8.Nc3 b6 9.d4 Nbd7
10.Re1 Bb7 11.Ne5 Nxe5 12.dxe5 Nd7 13.cxd5 cxd5 14.e4 dxe4 15.Nxe4 Ra7 16.Qg4 Bxe4
17.Bxe4 Nc5 18.Rad1 Rd7 19.Bc6 Rxd1 20.Rxd1 Qc7 21.Bb5 Rd8 22.Rd6 Bf8 23.Rxd8 Qxd8
24.Qd4 Qc7 25.h4 Be7 26.Bc3 Qb7 27.Qc4 Qe4 28.Qxe4 Nxe4 29.Bd4 Bc5 30.Bxc5 bxc5
31.Bd3 Nc3 32.a3 a4 33.bxa4 Nxa4 34.f4 Kf8 35.Kf2 h6 36.Bb5 Nc3 37.Bc6 Ke7
38.Ke3 c4 39.a4 Kd8 40.Kd4 Ne2+ 41.Kxc4 Nxg3 42.a5 Kc7 43.Kc5 Ne2 44.a6 Nxf4
45.a7 Nd3+ 46.Kb5  1-0

[Event "3rd Open"]
[Site "St Chely d'Aubrac FRA"]
[Date "2003.07.15"]
[Round "3"]
[White "Donnenfeld,P"]
[Black "Popchev,M"]
[Result "0-1"]
[WhiteElo "2131"]
[BlackElo "2451"]

1.c4 e6 2.Nf3 d5 3.b3 Nf6 4.g3 a5 5.Bg2 a4 6.Ba3 Bxa3 7.Nxa3 O-O 8.O-O Qe7
9.Nc2 Nc6 10.d4 Bd7 11.Ne5 Rfd8 12.Nxd7 Rxd7 13.c5 e5 14.e3 e4 15.b4 Nd8
16.b5 b6 17.c6 Rd6 18.Rb1 Ne6 19.Rb4 Rdd8 20.Qd2 Ng5 21.Rfb1 Ra5 22.Qd1 a3
23.R1b3 g6 24.Qd2 Rda8 25.Qc3 Qe6 26.Qe1 Qf5 27.Qe2 h5 28.Ne1 Kg7 29.f4 Ne6
30.h3 g5 31.Kh2 gxf4 32.gxf4 Kh6 33.Rc3 Ne8 34.Rbb3 Nd6 35.Bf1 Qf6 36.Qf2 Nf5
37.Nc2 Qe7 38.Nb4 Qd6 39.Na6 Rg8 40.Nb4 Ng5  0-1

[Event "ch-City"]
[Site "Tehran IRI"]
[Date "2003.07.17"]
[Round "6"]
[White "Mohajerin,P"]
[Black "Nasri,A"]
[Result "1/2-1/2"]
[WhiteElo "2270"]
[BlackElo "2234"]

1.c4 e6 2.Nf3 d5 3.g3 Nf6 4.Bg2 Be7 5.O-O O-O 6.d4 dxc4 7.Qc2 a6 8.a4 Bd7
9.Qxc4 Bc6 10.Nc3 Nbd7 11.Qd3 b6 12.e4 Nc5 13.Qc2 Ncd7 14.Rd1 Bb7 15.Bf4 Rc8
16.d5 exd5 17.exd5 Bd6 18.Qf5 Re8 19.Nd4 Qe7 20.Nc6 Qf8 21.Bh3 Ra8 22.Rac1 Nc5
23.Bg2 Bc8 24.Bxd6 Qxd6 25.Qc2 Bg4 26.Re1 Bh5 27.b4 Ncd7 28.Qd2 h6 29.Qd4 Bg6
30.h3 Nf8 31.f4 h5 32.Ne5 N6d7 33.Ne4 Bxe4 34.Bxe4 c5 35.bxc5 bxc5 36.Qc3 h4
37.gxh4 Re7 38.Bg2 Rae8 39.Nd3  1/2-1/2

[Event "TCh-Europe u18"]
[Site "Balatonlelle HUN"]
[Date "2003.07.25"]
[Round "6"]
[White "Gonda,L"]
[Black "Jakymov,V"]
[Result "1/2-1/2"]
[WhiteElo "2449"]
[BlackElo "2363"]

1.c4 e6 2.Nf3 d5 3.d4 c5 4.e3 Nf6 5.Nc3 Nc6 6.a3 cxd4 7.exd4 Ne4 8.Bd3 Nxc3
9.bxc3 dxc4 10.Bxc4 Be7 11.O-O O-O 12.Qe2 b6 13.Re1 Bf6 14.Ne5 Bb7 15.Bf4 Ne7
16.Bd3 Rc8 17.Bd2 Ng6 18.Nxg6 hxg6 19.a4 e5 20.dxe5 Bxe5 21.Qxe5 Qxd3 22.Bf4 Rfd8
23.h3 Rd5 24.Red1 Rxe5 25.Rxd3 Ra5 26.Rd7 Bc6 27.Rc7 Rxc7 28.Bxc7 Rxa4 29.Rxa4 Bxa4
30.Bb8 a6 31.Ba7 b5 32.Bc5 g5 33.Bb4 Bb3 34.Kf1 Kh7 35.Ke2 Bc4+ 36.Ke3 Bf1
37.g3 Bxh3 38.Kd4 Bf1 39.Kc5 Kg6 40.Kb6 Kf5 41.Kxa6 Ke4 42.Kb6 Kf3 43.Bc5 f5
44.Kc6 f4 45.Kd5 fxg3 46.fxg3 Kxg3 47.Ke4 g4 48.Ke3 Bc4 49.Bd6+ Kg2 50.Bc7 g3
51.Bd6 Bd5 52.Bc7 Kh3 53.Bd6 Kg4 54.Bc7 Bc6 55.Bd6 g2 56.Kf2 Kf5 57.Bf8 Ke4
58.Bxg7 Kd3 59.Bh8  1/2-1/2

[Event "MTO"]
[Site "Biel SUI"]
[Date "2003.07.27"]
[Round "6"]
[White "Arkhangelsky,B"]
[Black "Beshukov,S"]
[Result "0-1"]
[WhiteElo "2381"]
[BlackElo "2507"]

1.c4 e6 2.Nf3 d5 3.d4 c6 4.e3 f5 5.Bd3 Nf6 6.O-O Bd6 7.b3 Qe7 8.Bb2 O-O 9.Qc1 b6
10.Ba3 Bb7 11.Bxd6 Qxd6 12.Nc3 Nbd7 13.Qb2 Ne4 14.Ne2 Rf6 15.Ne5 Rh6 16.f3 Nef6
17.Rfe1 c5 18.Rad1 Rf8 19.Nc3 Nxe5 20.dxe5 Qxe5 21.f4 Qb8 22.cxd5 Nxd5 23.Bc4 Qa8
24.Rd2 Rg6 25.Bf1 a6 26.Qc2 h5 27.Na4 h4 28.Nb2 Nb4 29.Qd1 Bf3 30.Qb1 Rd8
31.Rxd8+ Qxd8 32.Kf2 Bxg2 33.Rd1 Qa8 34.e4 Bxe4 35.Qc1 Bc2 36.Rd6 Qh1  0-1

[Event "8th Open"]
[Site "Creon FRA"]
[Date "2003.07.28"]
[Round "1"]
[White "Lapeyre,P"]
[Black "Gaponenko,I"]
[Result "0-1"]
[WhiteElo "2083"]
[BlackElo "2399"]

1.c4 e6 2.Nf3 d5 3.b3 c5 4.g3 Nc6 5.cxd5 exd5 6.d4 cxd4 7.Nxd4 Qf6 8.e3 Bb4+
9.Bd2 Nxd4 10.exd4 Qxd4 11.Bxb4 Qxb4+ 12.Qd2 Qxd2+ 13.Kxd2 Nf6 14.f3 Bd7
15.Na3 O-O-O 16.Re1 Kb8 17.Nc2 Rhe8 18.Nd4 Rxe1 19.Kxe1 Kc7 20.Bd3 Kd6 21.Kd2 g6
22.g4 a6 23.Rc1 h5 24.g5 Ng8 25.f4 Ne7 26.Ke3 Re8 27.Kd2 Bf5 28.Bf1 Nc6 29.Nxf5+ gxf5
30.Bd3 Nd4 31.Rf1 Kc5 32.Kc3 Nb5+ 33.Kd2 Nd6 34.Rc1+ Kd4 35.Rc7 Re3 36.Bxf5 Nxf5
37.Rxf7 Nd6 38.g6 Ne4+ 39.Kc1 Re1+ 40.Kb2 Re2+ 41.Ka3 Rxh2 42.Rxb7 Rg2  0-1